000 01863nam0a2200397 4500
001 RU\NLR\BIBL_A\022293979
005 20250625190222.0
010 _a978-5-907465-22-0
_92000
035 _a(NLR Aleph) 022293979
090 _a13236564
_c13236564
100 _a20240808d2023 |||y0rusy50 ca
101 0 _arus
102 _aRU
105 _aa z 000ay
181 0 _ai3
_baxxe
182 0 _an
200 1 _a#Юный Донбасс
_eсборник фантастических рассказов
_fсост.: А. Кофман, С. Чекмаев
_gответственный редактор: А. Сидорович
_gиллюстрации: А. Дербенева
203 _aТекст
_bвизуальный
_cнепосредственный
210 _aСанкт-Петербург
_cСидорович
_cОлексенко А. А.
_d2024
215 _a413, [2] с.
_cил.
_d21
225 1 _aДонецкая библиотека приключений и фантастики
225 1 _aЗвезды над Донбассом
316 _aЭкз. РНБ: с инскриптом авт.
_5NLR: 2024-3/14922
327 0 _aСодерж. авт.: Владимир Софиенко, Эльхан Аскеров, Майор Белка, Михаил Савеличев, Михаил Вомбатов, Фалена Лысакова, Павел Иевлев, Владислав Жеребьев, Татьяна Столярова, Анна Гурова [и др.]
333 _a12+
686 0 _aШ9(2)8
686 2 _aШ6(2=Р)8-445
702 1 _aКофман
_bА.
_gАлександр
_4220
702 1 _aСидорович
_bА.
_4340
702 1 _aДербенева
_bА.
_gАнна
_4440
942 _cBOOK
980 _aNB